Famous People Named Emma, Emily, or Emilia - Statistics

General Stats
  • This quiz has been taken 65 times
  • The average score is 8 of 18
Answer Stats
Life Hint Person % Correct
1988– La La Land actress Emma Stone
90%
1990– Hermione Granger actress Emma Watson
90%
1818–1848 Wuthering Heights author Emily Brontë
85%
1967– Breaking the Waves actress Emily Watson
84%
1983– Oppenheimer and A Quiet Place actress Emily Blunt
67%
1986– Played Daenerys on Game of Thrones Emilia Clarke
57%
1976– Baby Spice Emma Bunton
57%
1830–1886 Reclusive American poet of Amherst Emily Dickinson
56%
1959– Sense and Sensibility actress-screenwriter Emma Thompson
56%
1976– Played Bones on Bones Emily Deschanel
33%
1991– Unfabulous and Scream Queens actress Emma Roberts
33%
1991– Model in the "Blurred Lines" video Emily Ratajkowski
28%
1872–1960 Famed etiquette authority Emily Post
26%
1992– Lilly on Hannah Montana, famous actor brother Emily Osment
25%
1974– Silent Witness actress Emilia Fox
18%
1849–1887 Poet of “The New Colossus” on Lady Liberty Emma Lazarus
13%
1986– Singer of Linkin Park after Chester Bennington Emily Armstrong
10%
1871–1945 Canadian painter of the Pacific Northwest Emily Carr
3%
No matching quizzes found
Score Distribution
Percent of People with Each Score
Percentile by Number Answered
Your Score History
You have not taken this quiz